00430nam a2200133Ia 4500003000900000008004100009040001600050080001600066110003200082245010000114260004700214650001600261650001900277IN-BaIIA211028s9999 xx 000 0 eng d cIIA Library a621.38bSTA aStanford Research Institute 0aElectronic equipment constructioncStanford Research Institute  aWashingtonbOffice of Naval Researchc1950 aElectronics aNASA Thesaurus